Chelebelā. (Record no. 65603)

MARC details
000 -LEADER
fixed length control field 00501cam a22002051 4500
001 - CONTROL NUMBER
control field sa 65008154
003 - CONTROL NUMBER IDENTIFIER
control field DLC
005 - DATE AND TIME OF LATEST TRANSACTION
control field 20260227112154.0
008 - FIXED-LENGTH DATA ELEMENTS--GENERAL INFORMATION
fixed length control field 890629s1962 ii ac 000 0 beno
010 ## - LIBRARY OF CONGRESS CONTROL NUMBER
LC control number sa 65008154
035 ## - SYSTEM CONTROL NUMBER
System control number (OCoLC)19950471
040 ## - CATALOGING SOURCE
Original cataloging agency DLC
Transcribing agency WaU
Modifying agency DLC
042 ## - AUTHENTICATION CODE
Authentication code premarc
050 00 - LIBRARY OF CONGRESS CALL NUMBER
Classification number PK1723
Item number .C5 1962
100 1# - MAIN ENTRY--PERSONAL NAME
Personal name Tagore, Rabindranath,
Dates associated with a name 1861-1941.
245 10 - TITLE STATEMENT
Title Chelebelā.
260 ## - PUBLICATION, DISTRIBUTION, ETC.
Date of publication, distribution, etc. [1962]
300 ## - PHYSICAL DESCRIPTION
Extent 94 p.
Other physical details illus., ports.
Dimensions 22 cm.
500 ## - GENERAL NOTE
General note In Bengali.

No items available.

Powered by Koha